Journal of liquid chromatography.

Bibliographic Details
New Title:Journal of liquid chromatography & related technologies
Format: Journal
Language:English
Published: New York : Dekker.
Subjects:
Online Availability: Check for online availability

MARC

Tag First Indicator Second Indicator Subfields
LEADER 00000cas a2200000 a 4500
001 in00004453521
005 20191202120952.0
008 780103d19781995nyumx1p 0 a0eng d
010 |a  78643220  
022 0 |a 0148-3919 
030 |a JLCHD8 
035 |a (OCoLC)03527306 
035 |z (UtOrBLW)1377 
035 |a 2412 
037 |b Marcel Dekker Journals, P.O. Box 11305, Church Street Station, New York, NY 10249 
040 |a NSD  |c NSD  |d DLC  |d NSD  |d DLC  |d NSD  |d OCL  |d NST  |d OCL  |d SER  |d RCS  |d AIP  |d NSD  |d TMV  |d UtOrBLW 
042 |a nsdp  |a lc 
049 |a [Shelved] [by Title] TMVM 
050 0 0 |a QD79.C454  |b J68 
060 0 0 |a W1 JO745P 
060 4 |a x 
069 1 |a J27720000 
082 0 |a 544/.924/05 
210 0 |a J. liq. chromatogr. 
222 0 |a Journal of liquid chromatography 
245 0 0 |a Journal of liquid chromatography. 
264 1 |a New York :  |b Dekker. 
300 |a 18 volumes :  |b illustrations ;  |c 23 cm. 
310 |a Fourteen issues per year  |b 1983-1984 
321 |a Twelve issues a year  |b <1980>-1982 
336 |a text  |2 rdacontent  |b txt 
337 |a unmediated  |2 rdamedia 
338 |a volume  |2 rdacarrier  |b nc 
362 0 |a Vol. 1, no. 1- 
362 1 |a Ceased with Vol. 18 (1995). 
500 |a Title from cover; description based on: volume 3, number 1, published 1980. 
525 |a Separately paged supplements accompany some volumes. 
650 2 |a Chromatography, Liquid. 
650 7 |a Periodicals. 
785 0 0 |t Journal of liquid chromatography & related technologies  |x 1082-6076  |w (OCoLC)32501604 
999 |a MARS 
999 f f |s b11e6df8-3b58-3ba7-a613-45090a8a6937  |i b2641ebd-35c3-389f-a850-f0c6637de85b  |t 0 
952 f f |p ric  |a Texas A&M University  |b Rellis Campus  |c Joint Library Facility  |d Remote Storage  |t 0  |h No information provided  |i unmediated -- volume  |k v.3:nos.1/6  |l 1980  |m 3238900580656 
952 f f |p ric  |a Texas A&M University  |b Rellis Campus  |c Joint Library Facility  |d Remote Storage  |t 0  |h No information provided  |i unmediated -- volume  |k v.8:nos.1/4  |l 1985  |m 3238900580825 
952 f f |p ric  |a Texas A&M University  |b Rellis Campus  |c Joint Library Facility  |d Remote Storage  |t 0  |h No information provided  |i unmediated -- volume  |k v.8:nos.5/8  |l 1985  |m 3238900580836 
952 f f |p ric  |a Texas A&M University  |b Rellis Campus  |c Joint Library Facility  |d Remote Storage  |t 0  |h No information provided  |i unmediated -- volume  |k v.5:nos.9/12  |l 1982  |m 3238900580724 
952 f f |p ric  |a Texas A&M University  |b Rellis Campus  |c Joint Library Facility  |d Remote Storage  |t 0  |h No information provided  |i unmediated -- volume  |k v.8:nos.9/12  |l 1985  |m 3238900354385 
952 f f |p ric  |a Texas A&M University  |b Rellis Campus  |c Joint Library Facility  |d Remote Storage  |t 0  |h No information provided  |i unmediated -- volume  |k v.7:nos.9/14  |l 1984  |m 3238900580814 
952 f f |p ric  |a Texas A&M University  |b Rellis Campus  |c Joint Library Facility  |d Remote Storage  |t 0  |h No information provided  |i unmediated -- volume  |k v.5:nos.1/4  |l 1982  |m 3238900580702 
952 f f |p ric  |a Texas A&M University  |b Rellis Campus  |c Joint Library Facility  |d Remote Storage  |t 0  |h No information provided  |i unmediated -- volume  |k v.6:nos.6/10  |l 1983  |m 3238900580757 
952 f f |p ric  |a Texas A&M University  |b Rellis Campus  |c Joint Library Facility  |d Remote Storage  |t 0  |h No information provided  |i unmediated -- volume  |k v.5:nos.5/8  |l 1982  |m 3238900580713 
952 f f |p ric  |a Texas A&M University  |b Rellis Campus  |c Joint Library Facility  |d Remote Storage  |t 0  |h No information provided  |i unmediated -- volume  |k v.7:suppls.1/2  |l 1984  |m 323890058079B 
952 f f |p ric  |a Texas A&M University  |b Rellis Campus  |c Joint Library Facility  |d Remote Storage  |t 0  |h No information provided  |i unmediated -- volume  |k v.6:nos.11/14  |l 1983  |m 3238900580768 
952 f f |p ric  |a Texas A&M University  |b Rellis Campus  |c Joint Library Facility  |d Remote Storage  |t 0  |h No information provided  |i unmediated -- volume  |k v.7:nos.5/8  |l 1984  |m 3238900580803 
952 f f |p ric  |a Texas A&M University  |b Rellis Campus  |c Joint Library Facility  |d Remote Storage  |t 0  |h No information provided  |i unmediated -- volume  |k v.7:nos.1/4  |l 1984  |m 323890058078A 
952 f f |p ric  |a Texas A&M University  |b Rellis Campus  |c Joint Library Facility  |d Remote Storage  |t 0  |h No information provided  |i unmediated -- volume  |k v.3:nos.7/12  |l 1980  |m 3238900580667 
952 f f |p ric  |a Texas A&M University  |b Rellis Campus  |c Joint Library Facility  |d Remote Storage  |t 0  |h No information provided  |i unmediated -- volume  |k v.8:nos.13/16  |l 1985  |m 3238901181160 
952 f f |p ric  |a Texas A&M University  |b Rellis Campus  |c Joint Library Facility  |d Remote Storage  |t 0  |h No information provided  |i unmediated -- volume  |k v.4:nos.10/12  |l 1981  |m 323890058069A 
952 f f |p ric  |a Texas A&M University  |b Rellis Campus  |c Joint Library Facility  |d Remote Storage  |t 0  |h No information provided  |i unmediated -- volume  |k v.4  |l 1981:Jan./June  |m 3238900580678 
952 f f |p ric  |a Texas A&M University  |b Rellis Campus  |c Joint Library Facility  |d Remote Storage  |t 0  |h No information provided  |i unmediated -- volume  |k v.4:nos.7/9  |l 1981  |m 3238900580689 
952 f f |p ric  |a Texas A&M University  |b Rellis Campus  |c Joint Library Facility  |d Remote Storage  |t 0  |h No information provided  |i unmediated -- volume  |k v.5:suppls.1/2  |l 1982  |m 3238900580735 
952 f f |p ric  |a Texas A&M University  |b Rellis Campus  |c Joint Library Facility  |d Remote Storage  |t 0  |h No information provided  |i unmediated -- volume  |k v.6:nos.1/5  |l 1983  |m 3238900580746 
952 f f |p ric  |a Texas A&M University  |b Rellis Campus  |c Joint Library Facility  |d Remote Storage  |t 0  |h No information provided  |i unmediated -- volume  |k v.6:suppls.1/2  |l 1983  |m 3238900580779 
998 f f |s v.3(1980)-v.8(1985)  |t 0  |l Remote Storage